|
|
|
|
| LEADER |
00000nam a22000007a 4500 |
| 005 |
20200821220849.0 |
| 007 |
cr|||| |||| |
| 008 |
200821c20109999ar qr|w s|||| 0|||b1spa d |
| 022 |
|
|
|a 2618-4133
|
| 035 |
|
|
|a 31805
|
| 040 |
|
|
|a vLex
|
| 090 |
|
|
|c 10728
|d 10728
|
| 245 |
0 |
0 |
|a Revista Doctrina Jurd̕ica
|h [Recurso electrn̤ico] /
|
| 256 |
|
|
|a Servicio en ln̕ea
|
| 260 |
|
|
|a Buenos Aires:
|b Doctrina Jurd̕ica,
|c 2010 -
|
| 300 |
|
|
|a 1 recurso electrn̤ico
|
| 310 |
|
|
|a Trimestral
|
| 362 |
|
|
|a Nð 1 (May. 2010) -
|
| 506 |
1 |
|
|a Disponible solo en los productos indicados
|d vLex Global
|d vLex Global (Academic Edition, excluding Law Schools)
|d vLex Global (U.S. Academic Edition, Law Schools)
|d vLex Global (U.S. Academic Edition, excluding Law Schools)
|d vLex Global (Academic Edition, Law Schools)
|
| 650 |
0 |
4 |
|a Derecho Pb︢lico y Administrativo
|z Argentina
|
| 740 |
0 |
|
|a vLex Revistas (Servicio en ln̕ea)
|
| 856 |
4 |
0 |
|u http://vlex.com/source/revista-doctrina-juridica-31805
|z Acceso restringido
|
| 942 |
|
|
|c REV
|
| 999 |
0 |
|
|a Public and Administrative Law
|